| 000 | 00808nam a2200217Ia 4500 | ||
|---|---|---|---|
| 003 | GCL | ||
| 008 | 140319s9999 xx 000 0 ara d | ||
| 020 | _a8832305977 | ||
| 040 |
_aGCL / _cGCL |
||
| 082 | 0 | 4 |
_aق _b915.3 _bم ق |
| 100 | 1 | _aزاهى حواس | |
| 245 | 1 | 0 |
_aالقصير واثارها الاسلامية ( 1424 هـ - 2004 م ) / _cزاهى حواس |
| 260 |
_aالقاهرة : _bالمجلس الاعلى للاثار ، _c2005 |
||
| 300 |
_a ؛ _c16 سم |
||
| 490 |
_aسلسلة الثقافة الاثرية والتاريخية مشروع المائة كتاب _v45 |
||
| 650 | 0 | 4 | _aالحضارة المصرية القديمة |
| 650 | 0 | 4 | _aمصر - الاثار الاسلامية |
| 650 | 0 | 4 | _aالقصير |
| 650 | 0 | 4 | _aالقصير - اثار اسلامية |
| 942 |
_2ddc _cBK |
||
| 999 |
_c8577 _d8577 |
||